| 000 | 02168nam a2200229Ia 4500 | ||
|---|---|---|---|
| 003 | Ost | ||
| 005 | 20260507075730.0 | ||
| 008 | 260507s9999||||xx |||||||||||||| ||und|| | ||
| 040 | _cfsecg | ||
| 041 | _aara | ||
| 082 | _a346 | ||
| 100 |
_aغستان، جاك _eمؤلف |
||
| 245 | 0 |
_aالمطول في القانون المدني : _bمفاعيل العقد او اثاره / _c جاك غستان |
|
| 260 |
_aبيروت: _bالمؤسسه الجامعيه للدراسات والنشر والتوزيع, _c2000 |
||
| 300 |
_a1024 صفحة؛ _bإيضاحات ؛ _c24 سم |
||
| 520 | _aيعرض الكتاب ايضا القانون الذي يسوس مفاعيل العقد، تجاه الفرقاء (تفسير العقد ووصفه ومدته) وتجاه الغير (الحجية والعلنية القانونية والغش البولياني، أو البولصي، والصورية، والتمثيل، والاشتراط لصالح الغير، والتنازل عن العقد، والدعوى المباشرة). وهو يقدم نظرية عصرية للعقد مبنية على تحليل معمق للفقه وللقانون الوضعي، وعلى وجه الخصوص لاجتهاد محكمة النقض (أو محكمة التمييز في لبنان). إنه تتمة تكوين العقد في المطوّل في القانون المدني. ولم تتف هذه الطبعة بمجرد التنقيح. إنها تجني فائدة النقاش الفقهي الذي نمى حديثاً في شأن التفريق بين الفرقاء والغير لتقديم معيار جديد وتصنيف جديد مستنتجين من ذلك. وهي تبسط النتائج، ولا سيما في ما يتعلق بالنظام والموقف المناسب في شأن التنازل الاتفاقي المفترض عن العقد. وهي تحدد بدقة الروابط التي توحد الدعاوى المباشرة ومجموعات العقود. | ||
| 653 | _aالعقود | ||
| 653 | _aالقانون المدني | ||
| 700 |
_aبيو، كريستوف _eمؤلف ثانوي |
||
| 700 |
_aجامان _eمؤلف ثانوي |
||
| 942 | _cكتاب | ||
| 999 |
_c46022 _d46022 |
||